Biblioteca

Mutuality : (Registro nro. 70589)

Detalles MARC
000 -LÍDER
Campo fijo de descripción fija 01477nab a2200229 i 4500
001 - NÚMERO DE CONTROL
Campo de control 768714001
003 - IDENTIFICADOR DEL NÚMERO DE CONTROL
Campo de control CO-MdFUSB
005 - FECHA Y HORA DE LA ULTIMA TRANSACCIÓN
control field 20240729110751.0
008 - ELEMENTOS DE LONGITUD FIJA -- INFORMACIÓN GENERAL
Campo fijo de descripción fija -- Información general 240729t1981 -us||||| |||| 00| 0 eng d
040 ## - FUENTE DE CATALOGACIÓN
Idioma de catalogación spa
Agencia que realiza la transcripción CO-MdFUSB
Agencia que realiza la modificación CO-MdFUSB
041 ## - CÓDIGO DE IDIOMA
Código de idioma para texto/pista de sonido o título separado eng
110 ## - ASIENTO PRINCIPAL--NOMBRE CORPORATIVO
Nombre corporativo o de jurisdicción como elemento de entrada China Program Committee, National Council of the Churches of Christ in the U.S.A.
Unidad subordinada autor
245 10 - TÍTULO
Título Mutuality :
Subtitulo prerequisite for dialogue
Mención de responsabilidad / China Program Committee, National Council of the Churches of Christ in the U.S.A.
520 ## - NOTA DE RESUMEN, ETC.
Nota de sumario, etc. Este es un "documento de trabajo" que establece el consenso general del Comité del Programa de China hasta la fecha sobre al menos algunas de las cuestiones más cruciales relacionadas con las relaciones entre los cristianos estadounidenses y chinos.<br/>De hecho, se ha establecido una relación entre un segmento de las iglesias protestantes en Estados Unidos y China. Se espera que esta relación se amplíe cuando se la lleve a la comunidad cristiana mundial en general. Lo siguiente intentará incluir mucho de lo que los propios visitantes chinos nos han dicho.
546 ## - NOTA DE IDIOMA
Nota de idioma Texto en inglés.
650 #0 - ASIENTO SECUNDARIO DE MATERIA - TERMINO TEMÁTICO
Término temático o nombre geográfico como elemento de entrada Iglesia y problemas sociales
9 (RLIN) 1177
650 #7 - ASIENTO SECUNDARIO DE MATERIA - TERMINO TEMÁTICO
Término temático o nombre geográfico como elemento de entrada Religiones
9 (RLIN) 386
650 #0 - ASIENTO SECUNDARIO DE MATERIA - TERMINO TEMÁTICO
Término temático o nombre geográfico como elemento de entrada Misiones
9 (RLIN) 154
773 0# - ASIENTO DE ITEM FUENTE
Biblionumber 49483
Itemnumber 82850
Otro identificador del ítem R2696
Título International Bulletinof Missionary Research
Número de control del registro (CO-MdFUSB)768714001
Número Internacional Normalizado para Publicaciones Seriadas (ISSN) 0272-6122
Parte(s) relacionada(s) / Volumen., número. (mes año), páginas Volumen 5, (número 2, 1981), páginas: 60 - 65
Enumeración y primera página página: 60
942 ## - TIPO DE MATERIAL (KOHA)
Tipo de Item KOHA Artículos de Revista
945 ## - INFORMACIÓN LOCAL DEL REGISTRO
Catalogador Catherine Arias Álvarez - Practicante SENA

No hay ítems disponibles.

Biblioteca FUSBC | Teléfono: (57+4) 349 88 10 Ext. 141| WhatsApp (+57) 3005338115 
E-mail: biblioteca@unisbc.edu.co | Calle 76 87-14 Robledo Palenque, Medellín, Colombia

Con tecnología Koha